LIBRARY & INFORMATION CENTRE, KCAET, TAVANUR

ONLINE PUBLIC ACCESS CATALOGUE (OPAC)

Windows 3.1 / (Record no. 9823)

MARC details
000 -LEADER
fixed length control field 00436cam a2200181ua 4500
041 ## - LANGUAGE CODE
Language code of text/sound track or separate title eng
082 ## - DEWEY DECIMAL CLASSIFICATION NUMBER
Classification number 005.43
Item number RAJ/WI
100 ## - MAIN ENTRY--AUTHOR NAME
Personal name Rajesh, Naik .
245 ## - TITLE STATEMENT
Title Windows 3.1 /
260 ## - PUBLICATION, DISTRIBUTION, ETC. (IMPRINT)
Place of publication New Delhi :
Name of publisher Wheeler publishing ,
Year of publication 1996.
300 ## - PHYSICAL DESCRIPTION
Number of Pages 309 ; .
700 1# - ADDED ENTRY--PERSONAL NAME
Personal name Swapna, Kishore .
942 ## - ADDED ENTRY ELEMENTS (KOHA)
Koha item type Books
Holdings
Withdrawn status Lost status Damaged status Home library Current library Date acquired Full call number Accession Number Koha item type
      KAUAET KAUAET 07/04/2012 005.43 19669 Books
free website counter